| 000 | 00690nam a2200205 a 4500 | ||
|---|---|---|---|
| 005 | 20231128063638.0 | ||
| 008 | 030227s2001 mx r 000 0 spa d | ||
| 020 | _a9707012285 | ||
| 035 | _aUPN01000122239 | ||
| 049 | _aCG | ||
| 050 | 4 |
_aF1219.1 CH2 _bC6.7 |
|
| 245 | 0 | 0 |
_aCostumbres, leyes y movimiento indio en Oaxaca y Chiapas / _ccoord. Lourdes de León Pasquel. |
| 260 |
_aMéxico : _bCIESAS : _bM. A. Porrúa, _c2001. |
||
| 300 | _a326 p. | ||
| 650 | 4 |
_aIndígenas de México _zChiapas _98413 |
|
| 650 | 4 |
_aIndígenas de México _zOaxaca _914859 |
|
| 650 | 4 |
_aIndígenas de México _xRelaciones con el gobierno _97938 |
|
| 700 | 1 |
_aLeón Pasquel, Lourdes de, _ecoord. |
|
| 905 | _aLibro | ||
| 999 |
_c94436 _d94436 |
||